| 000 | 00685nam a2200193 a 4500 | ||
|---|---|---|---|
| 001 | BRCA_1469 | ||
| 005 | 20190320203436.0 | ||
| 008 | 171105s2003----us-a---###---#000-0#eng-d | ||
| 020 | _a968798452X | ||
| 050 | 4 |
_aTS1490 _b.M46 2003 |
|
| 100 | 1 |
_aMendoza, Arnulfo _94805 |
|
| 245 | 1 | 0 |
_aWeaving a Cultural Testimony _cArnulfo Mendoza. |
| 260 |
_aEstados Unidos _bMexican Fine Arts Center Museum _c2003 |
||
| 300 |
_a62 p. _bil. a color _c27 cm. |
||
| 500 | _aIncluye tabla cronológica y lista de ilustraciones | ||
| 500 | _aCatálogo de la exposición realizada en el Mexican Fine Arts Center Museum, 5 junio - 31 agosto, 2003 | ||
| 650 | 1 | 4 |
_aTejedores _xTécnica _94806 |
| 942 |
_2lcc _cB |
||
| 999 |
_c1331 _d1331 |
||